00960 2200325 4500001002100000005001500021035002000036007000300056040001700059100002600076245012000102250001000222300004200232020002200274041000800296082001100304090002400315264003100339336002100370337003000391338002300421650001000444700003500454850001000489008004100499500002700540504002700567990002000594990002000614INLIS00000000000522720260515090728 a0010-0222000317ta aSBPUPADbInd0 aAli NurdinePengarang1 aSeri Tiga Ratus Enam Puluh Lima Hari Bersama Ujaran Rasulullah SAW Kiat Menghadapi Caci Maki Sembilan /cAli Nurdin aCet.1 axiv, 74 hal. :bilus. ;c12,6x17,5 cm a978-979-015-812-2 aInd a297.13 a297.13 ALI k.9 2-22 aJakarta :bErlangga,c2008 2rdacontentaTeks 2rdamediaaTanpa Perantara 2rdacarrieraVolume 4aAgama aEditor, Sayed MahdiePengarang aPUPAD260515 0  aProfil Penulis, hal 74 aDaftar Pustaka, hal 73 a1334/BR/KAPD/11 a1336/BR/KAPD/11